000 00747nam a2200181 i 4500
001 42298
003 ES-MaACL
005 20230906160602.0
007 t|
008 030313s1872 sp ||||1| spa d
080 _a929.71(469)
100 1 _aCastillo y Alba, Enrique del.
_936773
245 1 4 _aLas órdenes militares portuguesas de San Benito de Avis, del Ala de San Miguel, de Santiago de la Espada y de Nuestro Señor Jesucristo
_b: estudio histórico /
_cEnrique del Castillo y Alba.
260 _aMadrid :
_b[s.n.],
_c1872 (
_fTip. del Colegio Nacional de Sordo-Mudos y de Ciegos)
300 _a45, [4] p. ;
_c17 cm.
650 4 _aOrdenes militares-
_zPortugal.
_9138904
852 4 _aES-MaACL
_jT-149-F-3
_z- Dedicatoria autógrafa del autor
999 _c42298
_d42298